000 01061nam a2200217Ia 4500
003 Ost
005 20260507075633.0
008 260507s9999||||xx |||||||||||||| ||und||
040 _cfsecg
041 _aara
082 _a346.56607
100 _aالبارودي، علي
_eمؤلف
245 0 _aالقانون التجاري :
_bالأوراق التجارية والإفلاس /
_c علي البارودي
260 _aالإسكندرية:
_bدار المطبوعات الجامعية,
_c2000
300 _a467 صفحة؛
_bإيضاحات ؛
_c25 سم
520 _aالأوراق التجارية- الكمبيالة- تداول الكمبيالة- ضمانات الوفاء بالكمبيالة- السقوط والتقادم- أثر التعامل بالكمبيالة في الدين الاصلي- الإفلاس- شهر الإفلاس- الآثار المترتبة على حكم الإفلاس- مصير التفليسة
653 _aالأوراق المالية
653 _aالتجارة
653 _aالقانون
942 _cكتاب
999 _c45257
_d45257